Statistiche per soprannomi calciatori

Clicka qui per fare il quiz!

Statistiche generali

  • Questo quiz è stato fatto 365 volte
  • Il punteggio medio è 17 su 35

Statistiche sulle risposte

soprannomecalciatore% Corretto
divin codinobaggio
94%
er puponetotti
93%
la joyadybala
90%
el pipe de oromaradona
89%
la pulcemessi
89%
el papugomez
88%
o' fenomenoronaldo
88%
il gallobelotti
86%
el pipitahiguain
86%
el cholosimeone
85%
pinturicchiodel piero
82%
el matadorcavani
78%
el fideodi maria
77%
l'imperatoreadriano
70%
le petit diablegriezmann
54%
l'uomo ragnozenga
44%
pendolinocafù
42%
el tanquedenis
42%
le roiplatini
41%
el cuchucambiasso
35%
el panitacuadrado
33%
el tractorzanetti
26%
penna biancaravanelli
25%
el frasquitomaxi moralez
22%
il giardinierecruz
21%
o animaledmundo
13%
la brujitaveron
13%
el valdanitocrespo
12%
il bello di notteboniek
11%
el paso doblefigo
9%
el flacogodin
9%
o baixinhoromario
9%
nonnoballotta
7%
el piojoclaudio lopez
7%
el jefesitomascherano
5%

Distribuzione punteggi

Percentile per numero di risposta

Percentuale di utenti per punteggio

I tuoi punteggi nel tempo

Non hai fatto questo quiz